Tigerclaw. (Record no. 84433)
[ view plain ]
| 000 -LEADER | |
|---|---|
| fixed length control field | 00638cam a2200253 4500 |
| 001 - CONTROL NUMBER | |
| control field | sa 68012290 |
| 003 - CONTROL NUMBER IDENTIFIER | |
| control field | DLC |
| 005 - DATE AND TIME OF LATEST TRANSACTION | |
| control field | 20260227112608.0 |
| 008 - FIXED-LENGTH DATA ELEMENTS--GENERAL INFORMATION | |
| fixed length control field | 691024r1967 ii 000 0 eng |
| 010 ## - LIBRARY OF CONGRESS CONTROL NUMBER | |
| LC control number | sa 68012290 //r96 |
| 025 ## - OVERSEAS ACQUISITION NUMBER | |
| Overseas acquisition number | PL480:I-E-9291 |
| 040 ## - CATALOGING SOURCE | |
| Original cataloging agency | DLC |
| Transcribing agency | DLC |
| Modifying agency | DLC |
| 050 00 - LIBRARY OF CONGRESS CALL NUMBER | |
| Classification number | PR6054.E25 |
| Item number | T5 |
| 082 00 - DEWEY DECIMAL CLASSIFICATION NUMBER | |
| Classification number | 822 |
| 100 10 - MAIN ENTRY--PERSONAL NAME | |
| Personal name | Deb, Lakhan. |
| 245 10 - TITLE STATEMENT | |
| Title | Tigerclaw. |
| 250 ## - EDITION STATEMENT | |
| Edition statement | [1st Indian ed. |
| 260 0# - PUBLICATION, DISTRIBUTION, ETC. | |
| Place of publication, distribution, etc. | New Delhi, |
| Date of publication, distribution, etc. | 1967- |
| 300 ## - PHYSICAL DESCRIPTION | |
| Extent | 103 p. |
| Dimensions | 19 cm. |
| 350 ## - PRICE (NR) (BK AM CF MU VM SE) [OBSOLETE] | |
| Price | 10.00 |
| 600 10 - SUBJECT ADDED ENTRY--PERSONAL NAME | |
| Personal name | Shivaji, Raja, |
| Dates associated with a name | 1627-1680 |
| General subdivision | Drama. |
| 651 #0 - SUBJECT ADDED ENTRY--GEOGRAPHIC NAME | |
| Geographic name | India |
| General subdivision | Kings and rulers |
| -- | Drama. |
| 655 #7 - INDEX TERM--GENRE/FORM | |
| Genre/form data or focus term | Historical drama. |
| Source of term | gsafd |
No items available.